000 00517nam a2200181 a 4500
001 1769854927959
003 YourLibrary
005 20260131162126.0
008 260131s2008##################000#0#eng##
020 _a9780521514088
082 0 4 _a332.0151
_bJOS
100 1 _aJoshi, Mark S.,
_eauthor.
245 1 0 _aThe Concepts and Practice of Mathematical Finance :
260 _bCambridge University Press,
_c2008.
650 0 _aBusiness & Economics.
942 _cENGLISH
040 _aYourLibrary
_beng
_cYourLibrary
999 _c609600
_d609600